000 00397 a2200169 4500
001 50185
020 _a8576662337
040 _cAnchieta - Bela Vista
100 _aÍndigo
240 1 0 _aIngredientes para um mundo melhor
_lpor
245 1 0 _aIngredientes para um mundo melhor
300 _a24
362 0 _a2005
440 1 _aEscala Educacional
650 4 _aLiteratura infantil
942 _cBK
999 _c50185
_d50185